| 000 | 00885cam a22002897a 4500 | ||
|---|---|---|---|
| 003 | CHAP | ||
| 005 | 20220329135433.0 | ||
| 008 | 971013s1942 r 00010 d | ||
| 010 | _a36453 | ||
| 011 | _a37425 | ||
| 035 | _a41545 | ||
| 040 | _cCHAP | ||
| 090 | _afolleto 6120 | ||
| 110 |
_aMéxico. Dirección de Economía Rural _976934 |
||
| 245 | 1 | 3 |
_aEl jitomate _b: monografía comercial |
| 260 |
_aMéxico, D.F. : _bLa Dirección, _c1942 |
||
| 300 |
_a32 p. _b; mapas ; gráfs |
||
| 590 |
_aBATCH-UPD _b10 _c20130110 _lUCH01 _h2144 |
||
| 590 |
_aBATCH-UPD _b10 _c20130410 _lUCH01 _h1453 |
||
| 590 |
_aBATCH-UPD _b10 _c20130914 _lUCH01 _h2048 |
||
| 590 |
_aCONVERSION _b10 _c20130109 _lUCH01 _h1320 |
||
| 650 | 1 | 4 |
_aTomate _xEstadísticas. _9113717 |
| 650 | 1 | 4 |
_aTomate _xMéxico. _9113742 |
| 901 | _aBK | ||
| 942 | _cFOLL | ||
| 949 |
_afolleto 6120 _bBC _cFOLL _d-95193 _eTS1 _i41545 _mD _si |
||
| 999 |
_c36453 _d36453 |
||